| 000 | 00451nam a2200169Ia 4500 | ||
|---|---|---|---|
| 005 | 20250923145956.0 | ||
| 008 | 008 250917s9999 xx 000 0 eng d | ||
| 037 | _aTextual | ||
| 040 |
_aDSWL _beng _cDSWL |
||
| 041 |
_aeng _2eng |
||
| 084 | _qDSWL | ||
| 245 | 0 | _aConsolidated Report of a Study Conducted by I.T.S. 4s Sponsored Childern at Pragati August | |
| 260 | _c1996 | ||
| 300 | _a50 p. | ||
| 942 | _cTEXL | ||
| 999 |
_c1458026 _d1458026 |
||